00529nam a2200157Ia 4500008004100000020002300041040001900064041001200083082003000095245010700125260003400232300002400266650001600290700004700306850001800353131103s9999 xx 000 0 und d a8175962453cRs 695 aLoreto College aEnglish a030/NAT(Ref)bLCLIB/44720 aNobel Prize winners in picturesb (1901-2003) cPrepared by National Council of Science Museums, India aDelhibFoundation Booksc2005 axiv,177pb illc CD aNobel Prize aIndia, National Council of Science Museums aLCLIB/030/NAT